[Event "the leisure version for good players over 2300"]
[Site "SchemingMind.com"]
[Date "2019.11.08"]
[Round "-"]
[White "Robert Bruce"]
[Black "Ramesh Panwar"]
[Result "0-1"]
[WhiteCountry "SCO"]
[BlackCountry "IND"]
[WhiteElo "2421"]
[WhiteRD "68"]
[BlackElo "2525"]
[BlackRD "66"]
[GameID "447682"]

1. d4 d5 2. Nf3 Nf6 3. e3 b6 4. c4 e6 5. Bd3 Bb7 6. O-O Bd6 7. Nbd2 O-O 8. b3 c5 9. dxc5 bxc5 10. Bb2 Nc6
11. Re1 d4 12. exd4 Nxd4 13. Rb1 Qc7 14. Bxd4 cxd4 15. b4 a5 16. c5 Bf4 17. a3 axb4 18. axb4 Ra2 19. Ra1 Rfa8 20. Rxa2 Rxa2
21. Nc4 Ng4 22. Re2 Bxh2+ 23. Kf1 Ra8 24. Be4 Rd8 25. Bd3 Bxf3 26. gxf3 Nf6 27. Be4 Qf4 28. Kg2 Nh5 29. Qh1 Qg5+ 30. Kxh2 f5
31. Bd3 Nf4 32. Ne5 Nxe2 33. Bxe2 Qf4+ 34. Kg2 Qxe5 35. Bd3 Rf8 36. Qa1 h5 37. c6 h4 38. Bf1 h3+ 39. Kg1 Qd6 40. Bxh3 d3
41. Qd1 d2 42. Kf1 Qxb4 43. Kg2 Rc8
0-1

[Event "the leisure version for good players over 2300"]
[Site "SchemingMind.com"]
[Date "2019.11.07"]
[Round "-"]
[White "Ramesh Panwar"]
[Black "Robert Bruce"]
[Result "1-0"]
[WhiteCountry "IND"]
[BlackCountry "SCO"]
[WhiteElo "2525"]
[WhiteRD "66"]
[BlackElo "2421"]
[BlackRD "68"]
[GameID "447683"]

1. c4 e5 2. Nc3 Nc6 3. g3 g6 4. Bg2 Bg7 5. e3 d6 6. Nge2 h5 7. d4 exd4 8. exd4 h4 9. h3 hxg3 10. fxg3 a5
11. Bf4 Nf6 12. Qd2 d5 13. cxd5 Ne7 14. d6 cxd6 15. g4 O-O 16. O-O d5 17. Rad1 b5 18. Be5 Ra6 19. Nxb5 Ne4 20. Qe3 a4
21. Bxe4 dxe4 22. Bxg7 Kxg7 23. Nf4 Bd7 24. Nc3 f5 25. d5 Rff6 26. Kh1 Qb8 27. g5 Rfd6 28. h4 Qh8 29. Ng2 Be8 30. Nxe4 fxe4
31. Qxe4 Rd7 32. Ne3 Rad6 33. Rf2 Qg8 34. h5 gxh5 35. Rf6 Bg6 36. Qe5 Kh7 37. Rxd6 Rxd6 38. Qxd6 Be4+ 39. Kh2 Qxg5 40. Qg3 Qf6
41. Rf1 h4 42. Qf4 Qxf4+ 43. Rxf4 Bxd5 44. Nxd5 Nxd5 45. Rxa4
1-0

[Event "the leisure version for good players over 2300"]
[Site "SchemingMind.com"]
[Date "2019.11.08"]
[Round "-"]
[White "William Lindberg"]
[Black "Ramesh Panwar"]
[Result "1-0"]
[WhiteCountry "USA"]
[BlackCountry "IND"]
[WhiteElo "2537"]
[WhiteRD "63"]
[BlackElo "2554"]
[BlackRD "78"]
[GameID "447684"]

1. c4 e5 2. Nc3 Nf6 3. Nf3 Nc6 4. a3 Be7 5. e4 O-O 6. d3 d6 7. Be2 a5 8. Be3 Bg4 9. O-O Nd7 10. Ne1 Be6
11. f4 exf4 12. Rxf4 Nce5 13. d4 Nxc4 14. Bc1 Bg5 15. d5 Nxb2 16. Qc2 Bxf4 17. Bxf4 Qf6 18. dxe6 fxe6 19. Be3 Na4 20. Qxa4 Qxc3
21. Bd4 Qd2 22. Bg4 Nc5 23. Bxc5 dxc5 24. Nf3 Qe3+ 25. Kh1 Rae8 26. h3 Re7 27. Qxa5 b6 28. Qa4 g6 29. h4 Kg7 30. Ng5 Kh6
31. Kh2 c4 32. Qd1 e5 33. Ra2 Rf4 34. Nh3 Rf8 35. Rc2 b5 36. a4 bxa4 37. Rxc4 a3 38. Ra4 Rb8 39. Qd5 Rb3 40. Bf3 Rb2
41. Ng5 Rf2 42. Qb5 Qc1 43. Nh3 Rxf3 44. gxf3 c6 45. Qe2 Rb7 46. Kg3 Rb2 47. Rc4 Qb1 48. Qe3+ Kg7 49. h5 Qh1 50. h6+
1-0

[Event "the leisure version for good players over 2300"]
[Site "SchemingMind.com"]
[Date "2019.11.08"]
[Round "-"]
[White "Ramesh Panwar"]
[Black "William Lindberg"]
[Result "1/2-1/2"]
[WhiteCountry "IND"]
[BlackCountry "USA"]
[WhiteElo "2554"]
[WhiteRD "78"]
[BlackElo "2537"]
[BlackRD "63"]
[GameID "447685"]

1. d4 Nf6 2. c4 e6 3. Nf3 d5 4. Nc3 Bb4 5. Bg5 O-O 6. e3 Nbd7 7. cxd5 exd5 8. Qc2 h6 9. Bh4 c5 10. Be2 c4
11. Nd2 Bxc3 12. bxc3 Re8 13. O-O Nf8 14. a4 Ng6 15. Bxf6 Qxf6 16. Qb2 a6 17. a5 Rb8 18. Qa3 Nh4 19. Qc5 Qg5 20. Bf3 Bg4
21. Bxg4 Rbc8 22. Qd6 Qxg4 23. g3 Rcd8 24. Qf4 Qxf4 25. gxf4 Nf5 26. Rab1 Rd7 27. Rfe1 Nd6 28. Kg2 Re6 29. h4 h5 30. Kh3 g6
31. Rec1 Rd8 32. Nf1 Rb8 33. Ng3 f5 34. Kg2 Kg7 35. Kf3 b5 36. axb6 Nb5 37. Ra1 Rexb6 38. Ra5 Nc7 39. Rc5 R8b7 40. Ne2 Kf7
41. Ra1 Ra7=
1/2-1/2

[Event "the leisure version for good players over 2300"]
[Site "SchemingMind.com"]
[Date "2019.11.07"]
[Round "-"]
[White "Ramesh Panwar"]
[Black "Matthew Bailey"]
[Result "1/2-1/2"]
[WhiteCountry "IND"]
[BlackCountry "ENG"]
[WhiteElo "2510"]
[WhiteRD "73"]
[BlackElo "2424"]
[BlackRD "62"]
[GameID "447690"]

1. c4 e5 2. Nc3 Nf6 3. Nf3 Nc6 4. g3 d5 5. cxd5 Nxd5 6. Bg2 Nb6 7. O-O Be7 8. b3 O-O 9. Bb2 Re8 10. Rc1 Bf8
11. Ne4 f6 12. Nh4 a5 13. f4 exf4 14. Rxf4 Ne5 15. Qc2 Nd5 16. Rff1 a4 17. bxa4 c6 18. Qb3 Kh8 19. Bd4 Be6 20. Bxe5 Nf4
21. Qf3 fxe5 22. gxf4 Qxh4 23. fxe5 Rxa4 24. Qf4 Qxf4 25. Rxf4 g6 26. Rb1 b5 27. Nf6 Rxf4 28. Nxe8 Rc4 29. Nc7 Bg8 30. Rf1 Be7
31. e6 b4 32. e3 Rc2 33. d4 Rxa2 34. Bxc6 Rc2 35. Nd5 Rxc6 36. Nxe7 Rxe6 37. Nxg8 Kxg8 38. Rb1 Rxe3=
1/2-1/2

[Event "the leisure version for good players over 2300"]
[Site "SchemingMind.com"]
[Date "2019.11.07"]
[Round "-"]
[White "Matthew Bailey"]
[Black "Ramesh Panwar"]
[Result "1/2-1/2"]
[WhiteCountry "ENG"]
[BlackCountry "IND"]
[WhiteElo "2424"]
[WhiteRD "62"]
[BlackElo "2510"]
[BlackRD "73"]
[GameID "447691"]

1. d4 Nf6 2. c4 e6 3. Nf3 b6 4. g3 Bb7 5. Bg2 Be7 6. O-O O-O 7. Nc3 d5 8. Ne5 Nbd7 9. Qa4 c6 10. Rd1 Nxe5
11. dxe5 Nd7 12. cxd5 cxd5 13. e4 Nc5 14. Qc2 d4 15. Be3 dxe3 16. Rxd8 exf2+ 17. Kxf2 Raxd8 18. Kg1 Bg5 19. Rd1 Rxd1+ 20. Nxd1 Rd8
21. Nf2 Be3 22. Qe2 Bd4 23. Qc2 Rd7 24. Bf3 Nd3 25. Kf1 Nxf2 26. Qa4 b5 27. Qxb5 Bc8 28. a4 Rd8 29. Kg2 h5 30. h3 Be3
31. Qc6 g6 32. Be2 Kg7 33. Kf3 Bd4 34. Kg2 Bd7 35. Qc2 Rb8 36. b3 a5 37. Qd2 Bc5 38. Qxd7 Rxb3 39. Qc6 Rc3 40. Qb5 Rc2
41. h4 Bd4 42. Qd7 Be3 43. Qb5 Ng4 44. Kf1 Rc1+ 45. Kg2 Rg1+ 46. Kh3 Bf2 47. Bxg4 Rxg3+ 48. Kh2 Rxg4 49. Qxa5 Rxe4 50. Qb5 Be1
51. Kg2 Rb4=
1/2-1/2

[Event "the leisure version for good players over 2300"]
[Site "SchemingMind.com"]
[Date "2019.11.25"]
[Round "-"]
[White "Apocalypse"]
[Black "Giraldo Menendez Rodriguez"]
[Result "1/2-1/2"]
[WhiteCountry "USA"]
[BlackCountry "CUB"]
[WhiteElo "2266"]
[WhiteRD "93"]
[BlackElo "2455"]
[BlackRD "84"]
[GameID "448280"]

1. e4 c5 2. Ne2 Nf6 3. Nbc3 Nc6 4. d4 cxd4 5. Nxd4 e5 6. Ndb5 d6 7. Bg5 a6 8. Na3 b5 9. Bxf6 gxf6 10. Nd5 f5
11. c3 Bg7 12. exf5 Bxf5 13. Nc2 O-O 14. Nce3 Be6 15. Bd3 f5 16. Qh5 e4 17. Bc2 Ne7 18. Rd1 Nxd5 19. Nxd5 b4 20. cxb4 Bxb2
21. Bb3 Rb8 22. O-O Be5 23. Qh6 Bf7 24. f3 Kh8 25. fxe4 fxe4 26. g3 Bg6 27. Nf4 Bxf4 28. Rxf4 Qe7 29. h4 e3 30. Bc4 e2
31. Re1=
1/2-1/2

[Event "the leisure version for good players over 2300"]
[Site "SchemingMind.com"]
[Date "2019.11.25"]
[Round "-"]
[White "Giraldo Menendez Rodriguez"]
[Black "Apocalypse"]
[Result "1/2-1/2"]
[WhiteCountry "CUB"]
[BlackCountry "USA"]
[WhiteElo "2455"]
[WhiteRD "84"]
[BlackElo "2266"]
[BlackRD "93"]
[GameID "448281"]

1. Nf3 c5 2. c4 Nf6 3. Nc3 e6 4. g3 Qb6 5. Bg2 Nc6 6. O-O Be7 7. e3 d5 8. b3 O-O 9. d4 Rd8 10. cxd5 Nxd5
11. Nxd5 Rxd5 12. Qe2 Bf6 13. dxc5 Rxc5 14. Ba3 Bxa1 15. Bxc5 Qxc5 16. Rxa1 h6 17. Nd4 Bd7 18. Qb5 Qb6 19. h4 Rc8 20. Rd1 Nxd4
21. Qxb6 axb6 22. Rxd4 Rc1+ 23. Kh2 Rc7 24. a4 b5 25. a5 Kf8 26. b4 Ke7 27. Rd2 f6 28. h5 Bc6 29. Rc2 Kd6 30. Bf1 Bd7=
1/2-1/2

[Event "the leisure version for good players over 2300"]
[Site "SchemingMind.com"]
[Date "2019.11.20"]
[Round "-"]
[White "frankly"]
[Black "Giraldo Menendez Rodriguez"]
[Result "1/2-1/2"]
[WhiteCountry "ENG"]
[BlackCountry "CUB"]
[WhiteElo "2615"]
[WhiteRD "72"]
[BlackElo "2459"]
[BlackRD "88"]
[GameID "448282"]

1. d4 Nf6 2. c4 e6 3. Nf3 d5 4. Nc3 Bb4 5. Bg5 h6 6. Qa4+ Nc6 7. Bxf6 Qxf6 8. e3 O-O 9. Be2 dxc4 10. O-O Bd7
11. Bxc4 Bxc3 12. bxc3 Rfd8 13. Be2 b6 14. Bb5 e5 15. Rfd1 Be8 16. Qb3 Na5 17. Qb1 exd4 18. cxd4 c6 19. Be2 Bd7 20. h3 Rac8
21. e4 Re8 22. Qc2 Rcd8 23. Rac1 Bc8 24. e5 Qe7 25. Bd3 Be6 26. Qd2 Rd7 27. Re1 Rc8 28. Be4 Bd5 29. Rc3 b5 30. Qf4 Rcd8
31. Nh4 Qg5 32. Qxg5 hxg5 33. Nf5 Bxe4 34. Rxe4 Nc4 35. e6 Rc7 36. exf7+ Kxf7 37. Ne3 Nxe3 38. fxe3 Rd5 39. Ra3 c5 40. dxc5 Rdxc5=
1/2-1/2

[Event "the leisure version for good players over 2300"]
[Site "SchemingMind.com"]
[Date "2019.11.20"]
[Round "-"]
[White "Giraldo Menendez Rodriguez"]
[Black "frankly"]
[Result "1/2-1/2"]
[WhiteCountry "CUB"]
[BlackCountry "ENG"]
[WhiteElo "2459"]
[WhiteRD "88"]
[BlackElo "2615"]
[BlackRD "72"]
[GameID "448283"]

1. Nf3 Nf6 2. c4 c5 3. g3 d5 4. cxd5 Nxd5 5. Bg2 Nc6 6. Nc3 Nc7 7. O-O e5 8. a3 Rb8 9. Rb1 f6 10. d3 Be7
11. Be3 Qd7 12. Qb3 b6 13. Nd2 Bb7 14. Qa2 Qe6 15. f4 Qxa2 16. Nxa2 Ne6 17. Bxc6+ Bxc6 18. fxe5 O-O 19. Nc3 fxe5 20. Rxf8+ Nxf8
21. Nc4 Nd7 22. b4 cxb4 23. axb4 a6 24. b5 axb5 25. Nxb5 h5 26. h3 Bd5 27. Nc7 Bxc4 28. dxc4 Rc8 29. Nd5 Kf7 30. Nxe7 Kxe7
31. Rb4 Kd6 32. Bxb6 Rb8 33. c5+ Kc6 34. Re4 Nxb6=
1/2-1/2

[Event "the leisure version for good players over 2300"]
[Site "SchemingMind.com"]
[Date "2019.11.20"]
[Round "-"]
[White "Robert Bruce"]
[Black "Giraldo Menendez Rodriguez"]
[Result "1/2-1/2"]
[WhiteCountry "SCO"]
[BlackCountry "CUB"]
[WhiteElo "2387"]
[WhiteRD "65"]
[BlackElo "2455"]
[BlackRD "84"]
[GameID "448284"]

1. d4 Nf6 2. Nf3 d5 3. e3 e6 4. Bd3 c5 5. b3 Nc6 6. O-O Be7 7. Bb2 O-O 8. dxc5 Nd7 9. c4 Nxc5 10. cxd5 Nxd3
11. Qxd3 Qxd5 12. Qxd5 exd5 13. Nc3 Rd8 14. Rfd1 Be6 15. Rd3 Bd6 16. Re1 f6 17. Nb5 Bb4 18. Bc3 Bf5 19. Rd2 a6 20. Bxb4 axb5
21. a3 Kf7 22. h4 Bg4 23. Bc5 h5 24. Kh2 Bxf3 25. gxf3 d4 26. exd4 Rd5 27. Rc2 Ra6 28. Kh3 Kg6 29. Rc3 b6 30. Bf8 Nxd4
31. Rc7 Kf5 32. Rd1 Ra8 33. Bxg7 Rxa3 34. Rc6 Nxc6 35. Rxd5+ Kg6 36. Bxf6 Kxf6 37. Rd6+ Ke5 38. Rxc6 Rxb3=
1/2-1/2

[Event "the leisure version for good players over 2300"]
[Site "SchemingMind.com"]
[Date "2019.11.20"]
[Round "-"]
[White "Giraldo Menendez Rodriguez"]
[Black "Robert Bruce"]
[Result "1-0"]
[WhiteCountry "CUB"]
[BlackCountry "SCO"]
[WhiteElo "2522"]
[WhiteRD "77"]
[BlackElo "2410"]
[BlackRD "64"]
[GameID "448285"]

1. Nf3 c5 2. c4 Nc6 3. Nc3 g6 4. e3 Nf6 5. d4 b6 6. d5 Na5 7. e4 d6 8. b3 Bg7 9. Bg5 e6 10. Bd3 O-O
11. O-O exd5 12. Nxd5 h6 13. Nxf6+ Bxf6 14. Bxh6 Re8 15. h3 Nc6 16. Rc1 Bb7 17. Bb1 Re6 18. Qd2 Nd4 19. Ng5 Re7 20. f4 Qc7
21. Bd3 Rae8 22. f5 gxf5 23. Rce1 b5 24. Qd1 bxc4 25. bxc4 d5 26. exd5 Bc8 27. Rxe7 Rxe7 28. Qd2 Qg3 29. Nf3 Nxf3+ 30. Rxf3 Bd4+
31. Kh1 Re1+ 32. Rf1 Be5 33. Qg5+ Qxg5 34. Bxg5 Rxf1+ 35. Bxf1 f4 36. Be7 Bd4 37. Bd3 Bd7 38. Kh2 Kg7 39. g4 fxg3+ 40. Kxg3 f6
41. h4 Kh6 42. Bd6 Kg7 43. Bf4 Be8 44. Bf5 Bh5 45. d6 Kf8 46. d7 Ke7 47. Bc7 Be5+ 48. Bxe5 fxe5 49. a3 a5 50. Kf2 Bf7
51. Kf3 Bxc4 52. Kg4 e4 53. Kf4 Be2 54. Kxe4 Bc4 55. h5
1-0

[Event "the leisure version for good players over 2300"]
[Site "SchemingMind.com"]
[Date "2019.11.21"]
[Round "-"]
[White "William Lindberg"]
[Black "Giraldo Menendez Rodriguez"]
[Result "1/2-1/2"]
[WhiteCountry "USA"]
[BlackCountry "CUB"]
[WhiteElo "2482"]
[WhiteRD "63"]
[BlackElo "2459"]
[BlackRD "88"]
[GameID "448286"]

1. c4 e5 2. Nc3 Nf6 3. Nf3 Nc6 4. e3 Bb4 5. Qc2 Bxc3 6. Qxc3 Qe7 7. Be2 O-O 8. d4 exd4 9. Nxd4 Ne4 10. Qb3 Qf6
11. O-O Nxd4 12. exd4 Qxd4 13. Be3 Qe5 14. Rad1 Re8 15. Rfe1 b6 16. c5 Qe7 17. cxb6 axb6 18. Bb5 Nd6 19. Bd2 Qd8 20. Rxe8+ Nxe8
21. Qd5 Ra7 22. Bc3 Nf6 23. Qd3 d6 24. a3 Bb7 25. Re1 Ra8 26. Qc2 Bd5 27. Re3 c5 28. Qd2 Be6 29. Rg3 g6 30. Qh6 Qe7
31. a4 d5 32. Be5 d4 33. h4 Rd8 34. h5 Bf5 35. f4 d3 36. hxg6 hxg6 37. Bxd3 Rxd3 38. Rxd3 Bxd3 39. Qh4 Kg7 40. g4 Qe6
41. g5 Kf8 42. gxf6 Kg8=
1/2-1/2

[Event "the leisure version for good players over 2300"]
[Site "SchemingMind.com"]
[Date "2019.11.20"]
[Round "-"]
[White "Giraldo Menendez Rodriguez"]
[Black "William Lindberg"]
[Result "1-0"]
[WhiteCountry "CUB"]
[BlackCountry "USA"]
[WhiteElo "2459"]
[WhiteRD "88"]
[BlackElo "2482"]
[BlackRD "63"]
[GameID "448287"]

1. Nf3 d5 2. d4 e6 3. c4 Nf6 4. Nc3 Bb4 5. cxd5 exd5 6. Bg5 O-O 7. e3 h6 8. Bh4 Bf5 9. Qb3 Bxc3+ 10. bxc3 Nbd7
11. Be2 c5 12. dxc5 Nxc5 13. Qb4 Rc8 14. O-O g5 15. Bg3 Re8 16. Rfd1 a5 17. Qa3 Nce4 18. c4 Qb6 19. Nd4 Bg6 20. Rab1 Qc5
21. Qxc5 Rxc5 22. Rxb7 Nc3 23. Rc1 Nxe2+ 24. Nxe2 Bd3 25. Nc3 d4 26. Nb5 dxe3 27. Nd6 Re6 28. Rb3 Bxc4 29. Rxe3 Nd7 30. Nb7 Rb6
31. Nxc5
1-0

[Event "the leisure version for good players over 2300"]
[Site "SchemingMind.com"]
[Date "2019.11.20"]
[Round "-"]
[White "Ramesh Panwar"]
[Black "Giraldo Menendez Rodriguez"]
[Result "1/2-1/2"]
[WhiteCountry "IND"]
[BlackCountry "CUB"]
[WhiteElo "2510"]
[WhiteRD "73"]
[BlackElo "2459"]
[BlackRD "88"]
[GameID "448288"]

1. c4 e5 2. Nc3 Nf6 3. g3 Bb4 4. Nf3 e4 5. Nd4 O-O 6. Bg2 Re8 7. O-O Nc6 8. Nc2 Bxc3 9. bxc3 d6 10. d3 h6
11. Ne3 Na5 12. dxe4 Nxe4 13. Qc2 Ng5 14. h4 Ne6 15. Ba3 Bd7 16. Rad1 Qc8 17. Qd3 Ba4 18. Rde1 Qd7 19. Bb4 Nc6 20. f4 Rad8
21. Bh3 b5 22. Ba3 Na5 23. cxb5 Qxb5 24. Bg2 Nc5 25. Qxb5 Bxb5 26. Bxc5 dxc5 27. Kf2 Nc4 28. Nxc4 Bxc4 29. Bf3 Rd2 30. a4 Kf8
31. g4 a5 32. Rg1 Bb3 33. Ra1 Rb8 34. g5 Rc2 35. Rac1 Rxc1 36. Rxc1 Rd8 37. Rb1=
1/2-1/2

[Event "the leisure version for good players over 2300"]
[Site "SchemingMind.com"]
[Date "2019.11.20"]
[Round "-"]
[White "Giraldo Menendez Rodriguez"]
[Black "Ramesh Panwar"]
[Result "1-0"]
[WhiteCountry "CUB"]
[BlackCountry "IND"]
[WhiteElo "2459"]
[WhiteRD "88"]
[BlackElo "2510"]
[BlackRD "73"]
[GameID "448289"]

1. Nf3 Nf6 2. c4 g6 3. Nc3 Bg7 4. e4 c5 5. d4 Qa5 6. Bd2 cxd4 7. Nxd4 O-O 8. Nc2 Nc6 9. Be2 a6 10. O-O d6
11. b3 Nd7 12. b4 Qd8 13. Rc1 Nb6 14. f4 Kh8 15. a4 Nd7 16. Be1 a5 17. b5 Nb4 18. Nxb4 axb4 19. Nd5 e6 20. Nxb4 Nc5
21. Nd3 Nxe4 22. Bf3 f5 23. Bb4 Re8 24. Nf2 Nc5 25. a5 Qc7 26. Rb1 e5 27. fxe5 Bxe5 28. a6 Ra7 29. Bc6 Nd7 30. Re1 bxc6
31. Bxd6 Qd8 32. b6 Rxa6 33. Bxe5+ Nxe5 34. Qxd8 Rxd8 35. Rxe5 f4 36. Re7 Bf5 37. Ne4 Bxe4 38. Rxe4 Kg7 39. Re6 c5 40. Re7+ Kf6
41. Rc7 Rb8 42. b7
1-0

[Event "the leisure version for good players over 2300"]
[Site "SchemingMind.com"]
[Date "2019.11.25"]
[Round "-"]
[White "Keithk"]
[Black "Giraldo Menendez Rodriguez"]
[Result "1/2-1/2"]
[WhiteCountry "ENG"]
[BlackCountry "CUB"]
[WhiteElo "2618"]
[WhiteRD "72"]
[BlackElo "2529"]
[BlackRD "76"]
[GameID "448290"]

1. e4 c5 2. Nf3 d6 3. d4 cxd4 4. Nxd4 Nf6 5. Nc3 a6 6. Be3 e5 7. Nb3 Be6 8. f3 h5 9. Qd2 Nbd7 10. Nd5 Bxd5
11. exd5 g6 12. Be2 Bg7 13. O-O b6 14. c4 O-O 15. Rae1 Re8 16. Bf2 Qc7 17. Kh1 Rac8 18. Bd3 a5 19. Qe2 Bh6 20. Nd2 Nc5
21. Bb1 Bg5 22. b3 Kg7 23. Ne4 Ncxe4 24. fxe4 h4 25. Qf3 Qd8 26. Bd3 Rh8 27. Be2 Bf4 28. Qd3 Rb8 29. Rb1 Nd7 30. Bg4 Nc5
31. Qe2 Qg5 32. Bh3 f5 33. exf5 gxf5 34. Bg1 Rbf8 35. b4 Ne4 36. Rb2 Rf6 37. a4 Bc1 38. Rc2 Ba3 39. c5 bxc5 40. bxa5 Bb4
41. a6 Qg6 42. a7 f4 43. Qa6 Rff8 44. Re2 Ra8 45. Qb7+ Kh6 46. Be6 Rhd8=
1/2-1/2

[Event "the leisure version for good players over 2300"]
[Site "SchemingMind.com"]
[Date "2019.11.25"]
[Round "-"]
[White "Giraldo Menendez Rodriguez"]
[Black "Keithk"]
[Result "1/2-1/2"]
[WhiteCountry "CUB"]
[BlackCountry "ENG"]
[WhiteElo "2455"]
[WhiteRD "84"]
[BlackElo "2601"]
[BlackRD "72"]
[GameID "448291"]

1. Nf3 d5 2. d4 Nf6 3. c4 e6 4. Nc3 c6 5. Bg5 h6 6. Bh4 dxc4 7. e4 g5 8. Bg3 b5 9. h4 g4 10. Ne5 Bb7
11. Nxg4 Nxg4 12. Qxg4 Qxd4 13. Rd1 Qf6 14. e5 Qf5 15. Qd4 Be7 16. a4 Qc2 17. Be2 Qxb2 18. Bh5 b4 19. Bxf7+ Kxf7 20. Qf4+ Kg7
21. Ne4 c5 22. Qg4+ Kf7 23. Qh5+=
1/2-1/2

[Event "the leisure version for good players over 2300"]
[Site "SchemingMind.com"]
[Date "2019.11.25"]
[Round "-"]
[White "Giraldo Menendez Rodriguez"]
[Black "Corax"]
[Result "1/2-1/2"]
[WhiteCountry "CUB"]
[BlackCountry "SWE"]
[WhiteElo "2522"]
[WhiteRD "77"]
[BlackElo "2419"]
[BlackRD "72"]
[GameID "448292"]

1. Nf3 Nf6 2. c4 e6 3. Nc3 d5 4. d4 Be7 5. Bf4 O-O 6. e3 b6 7. Rc1 Bb7 8. cxd5 Nxd5 9. Nxd5 Qxd5 10. a3 c5
11. Bc4 Qd8 12. dxc5 bxc5 13. O-O Nd7 14. Bb5 Nf6 15. Ne5 Qb6 16. Qa4 a6 17. Bc6 Rac8 18. Bxb7 Qxb7 19. Nc4 Rfd8 20. Rfd1 Qb5
21. Qc2 Rxd1+ 22. Rxd1 Rd8 23. Rxd8+ Bxd8 24. h3 h6 25. b3 Qb7 26. Bd6 Ne4 27. Be5 Bf6 28. Bh2 Qd5 29. f3 Nc3 30. a4 Qd8
31. Kf1 Bh4 32. Qd2 Nd5 33. Bd6 Bg5 34. f4 Be7 35. e4 Nb4 36. e5 Qd7 37. Qe3 Nd5 38. Qxc5 Bd8 39. Qf2=
1/2-1/2

[Event "the leisure version for good players over 2300"]
[Site "SchemingMind.com"]
[Date "2019.11.25"]
[Round "-"]
[White "Corax"]
[Black "Giraldo Menendez Rodriguez"]
[Result "1/2-1/2"]
[WhiteCountry "SWE"]
[BlackCountry "CUB"]
[WhiteElo "2491"]
[WhiteRD "75"]
[BlackElo "2455"]
[BlackRD "84"]
[GameID "448293"]

1. e4 c5 2. Nf3 d6 3. d4 cxd4 4. Qxd4 Nc6 5. Bb5 Bd7 6. Qd3 Nf6 7. c4 g6 8. Nc3 Bg7 9. O-O O-O 10. h3 Nb4
11. Qe2 a6 12. Bxd7 Nxd7 13. Bd2 Rc8 14. Rac1 Nc6 15. b3 Re8 16. Rfd1 Qa5 17. Be1 Qa3 18. Nb1 Qc5 19. Nc3 Qa3 20. Nb1 Qc5=
1/2-1/2

[Event "the leisure version for good players over 2300"]
[Site "SchemingMind.com"]
[Date "2019.11.22"]
[Round "-"]
[White "Giraldo Menendez Rodriguez"]
[Black "Matthew Bailey"]
[Result "1/2-1/2"]
[WhiteCountry "CUB"]
[BlackCountry "ENG"]
[WhiteElo "2459"]
[WhiteRD "88"]
[BlackElo "2424"]
[BlackRD "62"]
[GameID "448294"]

1. Nf3 e6 2. c4 Nf6 3. Nc3 c5 4. g3 Nc6 5. Bg2 d5 6. cxd5 exd5 7. d4 cxd4 8. Nxd4 Bc5 9. Nb3 Bb6 10. O-O d4
11. Na4 O-O 12. Bg5 Re8 13. Re1 h6 14. Nxb6 axb6 15. Bxc6 bxc6 16. Bxf6 Qxf6 17. Qxd4 Qd8 18. Qc3 c5 19. Rad1 Qe7 20. Nc1 h5
21. Rd2 Ra4 22. Red1 h4 23. f3 hxg3 24. hxg3 Qg5 25. e4 Be6 26. Kg2 Rc4 27. Qd3 f5 28. exf5 Rd4 29. Qe2 Bf7 30. Qf2 Rxd2
31. Qxd2 Qxf5 32. g4 Qf6 33. b3 c4 34. bxc4 Bxc4 35. Qd4=
1/2-1/2

[Event "the leisure version for good players over 2300"]
[Site "SchemingMind.com"]
[Date "2019.11.23"]
[Round "-"]
[White "Matthew Bailey"]
[Black "Giraldo Menendez Rodriguez"]
[Result "1/2-1/2"]
[WhiteCountry "ENG"]
[BlackCountry "CUB"]
[WhiteElo "2489"]
[WhiteRD "59"]
[BlackElo "2463"]
[BlackRD "89"]
[GameID "448295"]

1. e4 c5 2. Nf3 d6 3. d4 cxd4 4. Qxd4 Nc6 5. Qd3 Nf6 6. Be2 g6 7. O-O Bg7 8. Rd1 O-O 9. h3 Be6 10. Ng5 Qc8
11. Nxe6 Qxe6 12. Nc3 Rac8 13. Bg5 h6 14. Be3 Rfd8 15. a3 a6 16. Rab1 Ne5 17. Qd2 Nc4 18. Bxc4 Qxc4 19. Bd4 Qc6 20. Qd3 b5
21. Rd2 Re8 22. Re1 Qc4 23. Qe3 h5 24. f3 a5 25. a4 bxa4 26. Ra1 Qb4 27. Nxa4 Rc6 28. Kh2 e6 29. Qf2 Rd8 30. Nc3 Ra8
31. Na4 d5 32. e5 Nd7 33. f4 Rac8 34. c3 Qb3 35. Re2 Bh6 36. Ra3 Qb5 37. Re1 Bf8 38. Ra2 Rb8 39. Qh4 Rc4 40. Rea1 Qc6
41. Qg5 Rb3 42. Qd8 Qc8 43. Qxc8 Rxc8 44. g3 Be7 45. g4 hxg4 46. hxg4 f6 47. Kg2 fxe5 48. fxe5 Rc4 49. Rh1 Bf8 50. Rf1 g5
51. Rf2 Bg7 52. Re2 Kf7=
1/2-1/2

[Event "the leisure version for good players over 2300"]
[Site "SchemingMind.com"]
[Date "2020.04.14"]
[Round "-"]
[White "Apocalypse"]
[Black "sbb"]
[Result "0-1"]
[WhiteCountry "USA"]
[BlackCountry "USA"]
[WhiteElo "2237"]
[WhiteRD "98"]
[BlackElo "2467"]
[BlackRD "84"]
[GameID "453464"]

1. e4 e5 2. Bc4 Nf6 3. d3 c6 4. Bb3 d5 5. Nf3 Bb4+ 6. Bd2 Bxd2+ 7. Nbxd2 a5 8. a4 Nbd7 9. O-O O-O 10. Re1 Qc7
11. Rc1 Re8 12. h3 dxe4
0-1

[Event "the leisure version for good players over 2300"]
[Site "SchemingMind.com"]
[Date "2020.04.14"]
[Round "-"]
[White "sbb"]
[Black "Apocalypse"]
[Result "1-0"]
[WhiteCountry "USA"]
[BlackCountry "USA"]
[WhiteElo "2467"]
[WhiteRD "84"]
[BlackElo "2237"]
[BlackRD "98"]
[GameID "453465"]

1. e4 e6 2. d4 d5 3. Nd2 Nf6 4. e5 Nfd7 5. Bd3 c5 6. c3 Be7 7. Qg4 g6 8. Ne2 b6 9. Nf3 cxd4 10. cxd4 Nc5
11. dxc5
1-0

[Event "the leisure version for good players over 2300"]
[Site "SchemingMind.com"]
[Date "2020.04.11"]
[Round "-"]
[White "frankly"]
[Black "sbb"]
[Result "1/2-1/2"]
[WhiteCountry "ENG"]
[BlackCountry "USA"]
[WhiteElo "2576"]
[WhiteRD "63"]
[BlackElo "2477"]
[BlackRD "84"]
[GameID "453466"]

1. d4 Nf6 2. c4 g6 3. Nc3 d5 4. cxd5 Nxd5 5. e4 Nxc3 6. bxc3 Bg7 7. Nf3 c5 8. Rb1 O-O 9. Be2 cxd4 10. cxd4 Qa5+
11. Bd2 Qxa2 12. O-O b6 13. Qc1 Bb7 14. Bc4 Qa4 15. Bb5 Qa2 16. Re1 Rc8 17. Qd1 Qc2 18. Qe2 Nc6 19. Bd3 Qa2 20. Bc4 Qa4
21. Bb3 Qa6 22. Qe3 e6 23. Ra1 Qb5 24. Ba4 Qh5 25. Bd1 Rd8 26. Rc1 Qb5 27. Be2 Qb2 28. Rb1 Qa2 29. Ra1 Qc2 30. Bc3 Nxd4
31. Bxd4 Bxd4 32. Nxd4 Qxe4 33. Bf3 Qxd4 34. Bxb7 Qxe3 35. fxe3 Rab8 36. Bf3 Rd7= 37. Rec1 Re7 38. Kf2 Kg7 39. Ra2 Rd8 40. Rc3 Rdd7
41. Rac2 h5 42. h4 Kf6 43. Ke2 Rd8 44. Rc7 Red7 45. Rxd7=
1/2-1/2